The economics of the welfare state /
Guardado en:
| Autor Principal: | |
|---|---|
| Formato: | Libro |
| Idioma: | English |
| Publicado: |
Stanford, Calif. :
Stanford University Press,
1998.
|
| Edición: | 3a. ed. |
| Materias: | |
| Acceso en línea: | Publisher description Table of contents |
| Etiquetas: |
Agregar Etiqueta
Sin Etiquetas, Sea el primero en etiquetar este registro!
|
| LEADER | 01202cam a2200325 a 4500 | ||
|---|---|---|---|
| 001 | EEO.eeo003421 | ||
| 008 | 981104s1998####caua###g#b####001#0#eng## | ||
| 005 | 20180816121848.0 | ||
| 245 | 1 | 4 | |a The economics of the welfare state / |c Nicholas Barr. |
| 250 | |a 3a. ed. | ||
| 260 | |a Stanford, Calif. : |b Stanford University Press, |c 1998. | ||
| 300 | |a xxvi, 471 p. : |b il. ; |c 26 cm. | ||
| 500 | |a "Originating publisher: Oxford University Press"--T.p. verso.. | ||
| 504 | |a Incluye referencias bibliográficas (p. [416]-446) e índices. | ||
| 020 | |a 0804735514 | ||
| 020 | |a 0804735522 (pbk.) | ||
| 100 | 1 | |a Barr, N. A. | |
| 043 | |a e-uk--- | ||
| 650 | 7 | |a Economía del bienestar. |2 Isoc | |
| 650 | 7 | |a Servicios sociales. |2 Isoc | |
| 650 | 7 | |a Eficiencia económica. |2 Isoc | |
| 650 | 7 | |a Educación. |2 Isoc | |
| 650 | 7 | |a Análisis histórico. |2 Isoc | |
| 653 | |a Equidad | ||
| 010 | |a 98060890 | ||
| 040 | |a DLC |c DLC |d DLC | ||
| 050 | 0 | 0 | |a HB846 |b .B37 1998 |
| 856 | 4 | 2 | |3 Publisher description |u http://www.loc.gov/catdir/description/cam029/98060890.html |
| 856 | 7 | |3 Table of contents |u http://lcweb.loc.gov/catdir/toc/98-60890.html |2 http | |
| 859 | |a AR-BaUEB |b BIB. ECONOMIA - General |h 330.1556 |i B27a3 |p e15175 | ||
